Văn hoá ứng xử các dân tộc Việt Nam /
محفوظ في:
| التنسيق: | Sách giấy |
|---|---|
| اللغة: | Vietnamese |
| منشور في: |
H. :
Văn hoá thông tin,
2002
|
| الوسوم: |
إضافة وسم
لا توجد وسوم, كن أول من يضع وسما على هذه التسجيلة!
|
| Thư viện lưu trữ: | Thư viện Trường Đại học Đà Lạt |
|---|
| LEADER | 00633nam a2200241 4500 | ||
|---|---|---|---|
| 001 | DLU030025032 | ||
| 005 | ##20030728 | ||
| 040 | # | # | |a DLU |b vie |
| 041 | # | # | |a vie |
| 044 | # | # | |a vn |
| 082 | # | # | |a 390.095 97 |b Van |
| 245 | # | # | |a Văn hoá ứng xử các dân tộc Việt Nam / |c Phạm Vũ Dũng,...[và những người khác] ;Lê Như Hoa chủ biên |
| 260 | # | # | |a H. : |b Văn hoá thông tin, |c 2002 |
| 300 | # | # | |a 394 tr. ; |c 19 cm |
| 992 | # | # | |a 36000 |
| 994 | # | # | |a DLU |
| 900 | # | # | |a True |
| 911 | # | # | |a Nguyễn Thị Tố Hạnh |
| 925 | # | # | |a G |
| 926 | # | # | |a A |
| 927 | # | # | |a SH |
| 980 | # | # | |a Thư viện Trường Đại học Đà Lạt |